000 00851nam a2200265 i 4500
001 185636
003 SpMaBN
005 20250803063106.0
008 160729m19841974sp |||| | spa d
020 _a84-306-1120-7
080 _a613.83:159.9
080 _a929 Benjamin, Walter
100 1 _aBenjamin, Walter,
_d1892-1940
_9241507
245 1 0 _aHaschisch /
_cWalter Benjamin ; versión castellana de Jesús Aguirre.
250 _a1ª ed.
_breimp.
260 _aMadrid :
_bTaurus,
_c1984.
300 _a122 p. ;
_c21 cm.
490 1 _aEnsayistas ;
_v120
600 1 4 _aBenjamin, Walter,
_d1892-1940
_9241507
650 4 _aHachís.
_9154307
700 1 _aAguirre, Jesús,
_cDuque de Alba.
_9125561
830 0 _aEnsayistas ;
_v120
_9177257
852 _aES-MaACL
_jL-30483
_z. - Donat. Miguel A. Velasco
999 _c185636
_d185636